| 000 | 00500nam a2200193Ia 4500 | ||
|---|---|---|---|
| 003 | GCL | ||
| 008 | 140319s9999 xx 000 0 eng d | ||
| 020 | _a290583820 | ||
| 040 |
_aGCL / _cGCL |
||
| 082 | 0 | 4 |
_aCC _b791.43 _bC C |
| 100 | 1 | _aCEDEJ | |
| 245 | 1 | 0 |
_aLE CAIRE ET LE CINEMA EGYPTIEN DES ANNEES 80 / _cCEDEJ |
| 260 |
_aالقاهرة : _bCEDEJ ، _c1990 |
||
| 300 |
_a123 P ؛ _c22 cm. |
||
| 650 | 0 | 4 | _aCAIRO 1980 - 1989 |
| 650 | 0 | 4 | _aEGYPT |
| 650 | 0 | 4 | _aMOTION PICTURES |
| 942 |
_2ddc _cBK |
||
| 999 |
_c12946 _d12946 |
||